| 000 | 00878cam a2200253 4500 | ||
|---|---|---|---|
| 001 | ABS62009 | ||
| 008 | 000000n2000 000 0 eng u | ||
| 035 | _a(Sirsi) u104670 | ||
| 100 | _aThorne, C. | ||
| 245 | _aNew valuation standards introduced | ||
| 260 | _c2000 | ||
| 490 |
_aCSM (Chartered Surveyor Monthly) _vMarch 2000 21(1) |
||
| 520 | _aReports on the significance to surveyors of new guidelines for valuations issued by the Appraisal and Valuations Standards Board. | ||
| 590 | _aABS | ||
| 650 | _aOPEN MARKET VALUE | ||
| 650 | _aEXISTING USE VALUE | ||
| 650 | _aACCOUNTING STANDARDS | ||
| 650 | _aFINANCIAL REPORTING STANDARDS | ||
| 650 | _aAPPRAISAL AND VALUATION STANDARDS BOARD | ||
| 650 | _aPRACTICE STATEMENT | ||
| 650 | _aFINANCIAL REPORTING STANDARD FOR SMALLER ENTITIES | ||
| 690 | _aPROPERTY-PROPERTY APPRAISAL AND VALUATION | ||
| 942 | _n0 | ||
| 999 |
_c62801 _d62801 |
||